Mathematical foundations for electromagnetic theory / (Record no. 17449)

MARC details
000 -LEADER
fixed length control field 01005cam a2200301 i 4500
001 - CONTROL NUMBER
control field 2067206
003 - CONTROL NUMBER IDENTIFIER
control field EG-ScBUE
005 - DATE AND TIME OF LATEST TRANSACTION
control field 20250128101954.0
008 - FIXED-LENGTH DATA ELEMENTS--GENERAL INFORMATION
fixed length control field 940131t1994 nyua f b 001 0 eng d
020 ## - INTERNATIONAL STANDARD BOOK NUMBER
International Standard Book Number 0780310225
020 ## - INTERNATIONAL STANDARD BOOK NUMBER
International Standard Book Number 9780780310223
040 ## - CATALOGING SOURCE
Original cataloging agency EG-ScBUE
Language of cataloging eng
Description conventions rda
Transcribing agency EG-ScBUE
Modifying agency EG-ScBUE
082 04 - DEWEY DECIMAL CLASSIFICATION NUMBER
Classification number 530.1
Edition number 22
Item number DUD
100 1# - MAIN ENTRY--PERSONAL NAME
Personal name Dudley, Donald G.,
Relator term author.
9 (RLIN) 33152
245 10 - TITLE STATEMENT
Title Mathematical foundations for electromagnetic theory /
Statement of responsibility, etc Donald G. Dudley, University of Arizona, Tuicson.
264 #1 - PUBLICATION, DISTRIBUTION, ETC. (IMPRINT)
Place of publication, distribution, etc New York :
Name of publisher, distributor, etc IEEE Press,
Date of publication, distribution, etc [1994]
264 #4 - PUBLICATION, DISTRIBUTION, ETC. (IMPRINT)
Date of publication, distribution, etc c1994
300 ## - PHYSICAL DESCRIPTION
Extent xiii, 250 pages :
Other physical details illustrations ;
Dimensions 24 cm.
336 ## - CONTENT TYPE
Source rdacontent
Content type term text
Content type code txt
337 ## - MEDIA TYPE
Media type term unmediated
Source rdamedia
Media type code n
338 ## - CARRIER TYPE
Carrier type term volume
Carrier type code nc
Source rdacarrier
490 0# - SERIES STATEMENT
Series statement IEEE series on electromagnetic wave theory
504 ## - BIBLIOGRAPHY, ETC. NOTE
Bibliography, etc Includes bibliographical references and index.
650 #7 - SUBJECT ADDED ENTRY--TOPICAL TERM
Topical term or geographic name as entry element Electromagnetic theory
General subdivision Mathematics.
Source of heading or term BUEsh
9 (RLIN) 32427
653 ## - INDEX TERM--UNCONTROLLED
Arrived date list May2013
655 ## - INDEX TERM--GENRE/FORM
Form subdivision Reading book
942 ## - ADDED ENTRY ELEMENTS (KOHA)
Source of classification or shelving scheme Dewey Decimal Classification
Koha item type Book - Borrowing
Holdings
Withdrawn status Lost status Source of classification or shelving scheme Damaged status Not for loan Collection code Home library Current library Shelving location Date acquired Source of acquisition Cost, normal purchase price Serial Enumeration / chronology Total Checkouts Total Renewals Full call number Barcode Date last seen Date checked out Cost, replacement price Price effective from Koha item type
    Dewey Decimal Classification     Baccah Central Library Central Library First floor 08/05/2013 Purchase 1050.00 17664 1 7 530.1 DUD 000028714 15/07/2025 19/03/2016 1315.00 08/05/2013 Book - Borrowing